|
ห้องสมุด วิทยาลัยพยาบาลบรมราชชนนี อุดรธานี
Boromarajonani College of Nursing, Udonthani
|


|
mysqli: Table './ulib2015/stat_globaluid' is marked as crashed and last (automatic?) repair failed
select id from stat_globaluid where statuid='20260417230856_1935'
mysqli: Table './ulib2015/stat_globaluid' is marked as crashed and last (automatic?) repair failed
DELETE FROM stat_globaluid
WHERE id NOT IN (
SELECT id
FROM (
SELECT id
FROM stat_globaluid
ORDER BY id DESC
LIMIT 100
) foo
);
mysqli: Table './ulib2015/stat_globaluid' is marked as crashed and last (automatic?) repair failed
insert into stat_globaluid set
statuid='20260417230856_1935',
dt='1776442136',
phpself='/ULIB/dublinfull.php',
agent='Mozilla/5.0 AppleWebKit/537.36 (KHTML, like Gecko; compatible; ClaudeBot/1.0; +claudebot@anthropic.com)',
yea='2026',
mon='4',
dat='17',
ip='216.73.216.55'
| LEADER 00000nam 2200000uu 4500 |
| 001 13399121615 |
| 003 ULIBM |
| 008 170220s2557 th a 000 0 tha d |
| 020 9786165088916
|
| 060 4 ^aWB405^bร366^c2557
|
| 100 ^aรัตติยา นิลกลม
|
| 245 ^aHerb for health:^bสมุนไพร รู้ไว้ไกลโรค/^bรัตติยา นิลกลม
|
| 260 ^aกรุงเทพฯ :^bแสงดาว,^c2557
|
| 300 ^a256 หน้า
|
| 650 7 ^aสมุนไพร
|
| 945 ^p230^l0^i45818
|
| 945 ^p230^l0^i45819
|
| 945 ^p230^l0^i45820 |
| 999 ^aพรปวีณ์
|
| คุณยังไม่ได้ล็อกอิน คุณสามารถมีกิจกรรมร่วมกับเว็บไซต์ได้ แต่ต้องล็อกอินก่อน :: |
|
| ลำดับที่ |
ประเภท |
เลขเรียก/บาร์โค้ด |
สถานที่ |
สถานะ |
| 1. |
 หนังสือการพยาบาล | WB405 ร366 2557 c.1 Barcode: 45818 | หนังสือการพยาบาล | On Shelf ขอยืม |
| 2. |
 หนังสือการพยาบาล | WB405 ร366 2557 c.2 Barcode: 45819 | หนังสือการพยาบาล | On Shelf ขอยืม |
| 3. |
 หนังสือการพยาบาล | WB405 ร366 2557 c.3 Barcode: 45820 | หนังสือการพยาบาล | On Shelf ขอยืม |
| [แสดง 3/3 รายการ] |
mysqli: Can't create/write to file '/var/tmp/#sql_59d_0.MAI' (Errcode: 2)
select * from index_db where titl like '%Herb for health: สมุนไพร รู้ไว้ไกลโรค/ รัตติยา นิลกลม%' and mid<>'13399121615' order by rand() limit 3
mysqli: Can't create/write to file '/var/tmp/#sql_59d_0.MAI' (Errcode: 2)
select * from index_db where auth like '%รัตติยา นิลกลม%' and mid<>'13399121615' order by rand() limit 3
mysqli: Can't create/write to file '/var/tmp/#sql_59d_0.MAI' (Errcode: 2)
select * from index_db where subj like '%สมุนไพร%' and mid<>'13399121615' order by rand() limit 3
|
ยังไม่เคยถูกคอมเมนท์
|
| คอมเมนท์ทรัพยากรรายการนี้ |
|